Revitalizácia obytného areálu, centrum Senec

Saved in:
Bibliographic Details
Main Author: Rarbovská, Barbara (Author)
Other Authors: Gécová, Katarína (Thesis advisor)
Format: Manuscript Book
Language:Slovak
Published: 2015
Subjects:
Online Access:http://is.stuba.sk/zp/portal_zp.pl?podrobnosti=110660
https://opac.crzp.sk/?fn=detailBiblioForm&sid=78283B71680DBAF2144AD11D22D4
Tags: Add Tag
No Tags, Be the first to tag this record!

MARC

LEADER 00000ntm a22000003a 4500
001 stuzp52427
003 SK-STU
005 20231109110153.1
007 ta
008 150427s2015----xo-----f-mn---000-0-slo-d
040 |a STU  |b slo 
041 0 |a slo 
100 1 |a Rarbovská, Barbara  |u 010160  |4 aut  |U SvF Stavebná fakulta  |T SvF Katedra vodného hospodárstva krajiny  |X 43791  |U V160  |Y 16  |7 A000043791 
242 0 1 |a Revitalizácia obytného areálu, centrum Senec  |y eng 
245 1 0 |a Revitalizácia obytného areálu, centrum Senec 
260 |c 2015 
650 4 |a obyvateľ  |2 slo 
650 4 |a revitalizácia  |2 slo 
650 4 |a areál  |2 slo 
650 4 |a area  |2 eng 
650 4 |a resident  |2 eng 
650 4 |a revitalization  |2 eng 
700 1 |a Gécová, Katarína  |4 ths  |X 369  |7 A000000369 
856 4 |u http://is.stuba.sk/zp/portal_zp.pl?podrobnosti=110660 
856 4 |u https://opac.crzp.sk/?fn=detailBiblioForm&sid=78283B71680DBAF2144AD11D22D4 
SQL |a stuzp52427  |b DDP  |c SLO  |d Revitalizácia obytného areálu, centrum Senec  |e 43791  |f Rarbovská, Barbara  |g 010160  |h 369  |i Gécová, Katarína  |j 20150615  |k 580  |l 01  |m http://is.stuba.sk/zp/portal_zp.pl?podrobnosti=110660  |n I-KKP  |o 6.1.11. krajinárstvo